[Event "Gibraltar ChallWk2 13th"]
[Site "Gibraltar"]
[Date "2015.02.02"]
[Round "3.27"]
[White "Amgalanbaatar, Ravdanlkhumbuu"]
[Black "Ruiz Manrique, Joaquin"]
[Result "1-0"]
[WhiteElo "2117"]
[BlackElo "1945"]
[PlyCount "138"]
[EventDate "2015.01.31"]
[EventType "swiss"]
[EventRounds "5"]
[EventCountry "GGB"]
[SourceTitle "BritBase"]
[Source "www.saund.co.uk"]
[SourceDate "2018.02.10"]
[SourceVersion "1"]
[SourceVersionDate "2018.02.10"]
[SourceQuality "1"]

1. e4 d6 2. b3 Nf6 3. d3 e5 4. Bb2 Nc6 5. Nf3 Be7 6. Be2 Bg4 7. Nbd2 O-O 8. h3
Be6 9. Nf1 Nd7 10. Ng3 f5 11. exf5 Bxf5 12. Nxf5 Rxf5 13. O-O Rf8 14. Nd2 Nf6
15. Ne4 Nxe4 16. dxe4 Bf6 17. Bg4 Qe7 18. Qe2 Kh8 19. Qb5 Rab8 20. c3 a6 21.
Qc4 Qe8 22. a4 Qf7 23. Qxf7 Rxf7 24. b4 Ne7 25. Bc1 g6 26. Be3 h5 27. Bf3 Kh7
28. Rfd1 Bg7 29. Bd2 Bh6 30. Be1 Rbf8 31. b5 axb5 32. axb5 Nc8 33. Rd3 Bg5 34.
Bd1 Bh4 35. g3 Bg5 36. Bb3 Re7 37. Bd5 b6 38. Ra8 Ree8 39. Bc6 Rd8 40. Kg2 Kh8
41. Bb7 Ne7 42. Ra7 Nc8 43. Ra4 Rd7 44. Ra8 Rdd8 45. Rd1 Kg7 46. Rda1 Kf7 47.
R1a4 Ke7 48. Rc4 Kd7 49. Bc6+ Ke7 50. Rb8 Na7 51. Rb7 Nxc6 52. Rxc7+ Ke6 53.
R4xc6 Ra8 54. h4 Be3 55. Rg7 Bc5 56. Rxg6+ Rf6 57. Rg7 Ra1 58. Rcc7 d5 59. Rc8
Bd6 60. exd5+ Kxd5 61. c4+ Ke4 62. Bb4 Rf5 63. Be1 Rf6 64. Bd2 Ra2 65. Re7 Rc2
66. Be3 Rf4 67. Ree8 Kd3 68. Rxe5 Bb4 69. Rxh5 Bd2 1-0

[Event "Gibraltar ChallWk2 13th"]
[Site "Gibraltar"]
[Date "2015.02.02"]
[Round "3.28"]
[White "Christophe-Hayot, Romain"]
[Black "Osuna Vega, Enrique"]
[Result "0-1"]
[WhiteElo "1793"]
[BlackElo "2108"]
[PlyCount "106"]
[EventDate "2015.01.31"]
[EventType "swiss"]
[EventRounds "5"]
[EventCountry "GGB"]
[SourceTitle "BritBase"]
[Source "www.saund.co.uk"]
[SourceDate "2018.02.10"]
[SourceVersion "1"]
[SourceVersionDate "2018.02.10"]
[SourceQuality "1"]

1. Nf3 g6 2. g3 Bg7 3. d4 Nf6 4. Bg2 O-O 5. O-O d6 6. Bf4 Nbd7 7. Qc1 Re8 8.
Bh6 Bh8 9. Nc3 c5 10. d5 Rb8 11. a4 a6 12. e4 b5 13. axb5 axb5 14. Re1 b4 15.
Nd1 Nb6 16. Nd2 Ng4 17. Bf4 Bd7 18. h3 Ne5 19. Ne3 Bg7 20. g4 Bb5 21. Nf3 Nxf3+
22. Bxf3 Na4 23. Nd1 c4 24. e5 dxe5 25. Bxe5 Bxe5 26. Rxe5 Qd6 27. Re1 Rbd8 28.
c3 Nc5 29. Qg5 Nd3 30. Re3 Nf4 31. Qh6 Nxd5 32. Re4 bxc3 33. bxc3 Qf6 34. Be2
Nxc3 35. Nxc3 Qxc3 36. Rc1 Qg7 37. Qe3 e6 38. Bxc4 Bc6 39. Re5 Ba8 40. Bb5 Rc8
41. f4 Red8 42. Bf1 Rxc1 43. Qxc1 Qf8 44. Bb5 Qb4 45. Bf1 Qb7 46. Re3 Qh1+ 47.
Kf2 Qh2+ 48. Ke1 Qxf4 49. Qa3 Bf3 50. Rd3 Qg3+ 51. Kd2 Qf2+ 52. Kc3 Rc8+ 53.
Kb4 Qb6+ 0-1

[Event "Gibraltar ChallWk2 13th"]
[Site "Gibraltar"]
[Date "2015.02.02"]
[Round "3.29"]
[White "Henderson De La Fuente, Andrea"]
[Black "Dasaolu, Rotimi"]
[Result "0-1"]
[WhiteElo "1700"]
[BlackElo "2053"]
[PlyCount "69"]
[EventDate "2015.01.31"]
[EventType "swiss"]
[EventRounds "5"]
[EventCountry "GGB"]
[SourceTitle "BritBase"]
[Source "www.saund.co.uk"]
[SourceDate "2018.02.10"]
[SourceVersion "1"]
[SourceVersionDate "2018.02.10"]
[SourceQuality "1"]

1. e4 e5 2. Nf3 Nf6 3. Nxe5 d6 4. Nf3 Nxe4 5. Bc4 d5 6. Bb3 c5 7. d3 Nf6 8. O-O
Be7 9. Nc3 O-O 10. Bf4 Nc6 11. h3 h6 12. Nb5 Bf5 13. Qe2 a6 14. Nc3 Re8 15. Qd2
Bf8 16. Rfe1 Rxe1+ 17. Rxe1 b5 18. a3 c4 19. Ba2 Rc8 20. g4 Bh7 21. g5 hxg5 22.
Bxg5 Qd6 23. Kg2 Bg6 24. Nh4 Bh7 25. Qd1 Rd8 26. Qf3 Nd4 27. Qd1 Be7 28. Be3
Ne6 29. Ne2 Nh5 30. Nf3 Bf6 31. dxc4 dxc4 32. Qxd6 Rxd6 33. c3 Be4 34. Bb1 Bb7
35. Ng3 0-1

[Event "Gibraltar ChallWk2 13th"]
[Site "Gibraltar"]
[Date "2015.02.02"]
[Round "3.30"]
[White "Gieritz, Dietmar"]
[Black "Schadd, Jan"]
[Result "1-0"]
[WhiteElo "2048"]
[BlackElo "1853"]
[PlyCount "63"]
[EventDate "2015.01.31"]
[EventType "swiss"]
[EventRounds "5"]
[EventCountry "GGB"]
[SourceTitle "BritBase"]
[Source "www.saund.co.uk"]
[SourceDate "2018.02.10"]
[SourceVersion "1"]
[SourceVersionDate "2018.02.10"]
[SourceQuality "1"]

1. Nf3 d5 2. g3 Nf6 3. Bg2 c6 4. O-O Nbd7 5. d4 g6 6. c4 Bg7 7. Nc3 O-O 8. a4
dxc4 9. a5 Nd5 10. Qa4 e5 11. Rd1 exd4 12. Nxd4 Nxc3 13. bxc3 Qe7 14. Ba3 c5
15. Qxc4 Qe5 16. Nb5 Rb8 17. Rd5 Qe6 18. Nc7 Qe7 19. Bxc5 Nxc5 20. Rxc5 b6 21.
axb6 axb6 22. Rc6 Bb7 23. Rxb6 Bxg2 24. Rxb8 Rxb8 25. Kxg2 Rc8 26. Nd5 Qe6 27.
Qd3 Rc5 28. Ra8+ Bf8 29. e4 f5 30. Qd4 Qxe4+ 31. Qxe4 fxe4 32. Nf6+ 1-0

[Event "Gibraltar ChallWk2 13th"]
[Site "Gibraltar"]
[Date "2015.02.02"]
[Round "3.31"]
[White "Risting, Eivind Olav"]
[Black "Broekman, Willem"]
[Result "1-0"]
[WhiteElo "1903"]
[BlackElo "2025"]
[PlyCount "99"]
[EventDate "2015.01.31"]
[EventType "swiss"]
[EventRounds "5"]
[EventCountry "GGB"]
[SourceTitle "BritBase"]
[Source "www.saund.co.uk"]
[SourceDate "2018.02.10"]
[SourceVersion "1"]
[SourceVersionDate "2018.02.10"]
[SourceQuality "1"]

1. d4 d5 2. Bg5 Nf6 3. e3 h6 4. Bxf6 exf6 5. c4 Bb4+ 6. Nc3 Nc6 7. Nf3 O-O 8.
Be2 dxc4 9. Bxc4 Bg4 10. O-O a6 11. Rc1 Qd7 12. Be2 Rfe8 13. Qc2 Nd8 14. Rfd1
Bd6 15. a3 Rc8 16. b4 c6 17. Na4 Qe6 18. Nc5 Qe7 19. Rd2 Bb8 20. h3 Bxf3 21.
Bxf3 Ne6 22. g3 Rcd8 23. Bg2 Rf8 24. Rcd1 g6 25. e4 Kg7 26. d5 cxd5 27. exd5
Nxc5 28. bxc5 Ba7 29. d6 Qd7 30. Rb1 Rb8 31. Rxb7 Rxb7 32. c6 Qe6 33. cxb7 Rd8
34. Qd1 Qe5 35. Kh2 Bb8 36. Rd5 Qb2 37. Qd4 Qxb7 38. d7 Qc7 39. h4 Ba7 40. Qd2
Qb6 41. Kg1 Qc7 42. Qd3 a5 43. h5 Qc1+ 44. Bf1 Qb2 45. Be2 Qc1+ 46. Kg2 Qb2 47.
hxg6 fxg6 48. Qe4 Kf7 49. Rd6 Qxa3 50. Qe6+ 1-0

[Event "Gibraltar ChallWk2 13th"]
[Site "Gibraltar"]
[Date "2015.02.02"]
[Round "3.32"]
[White "Van De Wynkele, Eric"]
[Black "Burke, Mitchell R"]
[Result "1-0"]
[WhiteElo "2017"]
[BlackElo "1928"]
[PlyCount "67"]
[EventDate "2015.01.31"]
[EventType "swiss"]
[EventRounds "5"]
[EventCountry "GGB"]
[SourceTitle "BritBase"]
[Source "www.saund.co.uk"]
[SourceDate "2018.02.10"]
[SourceVersion "1"]
[SourceVersionDate "2018.02.10"]
[SourceQuality "1"]

1. e4 c5 2. Nc3 Nc6 3. Bb5 Nd4 4. Bc4 g6 5. Nf3 Bg7 6. Nxd4 cxd4 7. Qf3 e6 8.
Nb5 d6 9. Qa3 Bf8 10. Nxd4 d5 11. Bb5+ Bd7 12. Qd3 Nf6 13. exd5 Nxd5 14. O-O
Bd6 15. Bxd7+ Qxd7 16. Qb5 Rc8 17. Qxd7+ Kxd7 18. c3 f5 19. Nb5 Bb8 20. d4 a6
21. Na3 e5 22. dxe5 Bxe5 23. Rd1 Ke6 24. Re1 Kf6 25. Bg5+ Kxg5 26. Rxe5 Rhd8
27. Nc2 Nf4 28. Nd4 Re8 29. Rae1 Rxe5 30. Rxe5 Nd3 31. Re2 b5 32. a3 Rc4 33. g3
b4 34. axb4 1-0

[Event "Gibraltar ChallWk2 13th"]
[Site "Gibraltar"]
[Date "2015.02.02"]
[Round "3.34"]
[White "Bengtsson, Jessica"]
[Black "Flanagan, Samuel"]
[Result "1/2-1/2"]
[WhiteElo "1971"]
[BlackElo "1766"]
[PlyCount "90"]
[EventDate "2015.01.31"]
[EventType "swiss"]
[EventRounds "5"]
[EventCountry "GGB"]
[SourceTitle "BritBase"]
[Source "www.saund.co.uk"]
[SourceDate "2018.02.10"]
[SourceVersion "1"]
[SourceVersionDate "2018.02.10"]
[SourceQuality "1"]

1. e4 c5 2. c3 Nf6 3. e5 Nd5 4. d4 cxd4 5. Nf3 Nc6 6. cxd4 d6 7. Bc4 Nb6 8. Bb5
dxe5 9. Nxe5 Bd7 10. Nxd7 Qxd7 11. Nc3 e6 12. O-O Be7 13. Qg4 O-O 14. Bxc6 bxc6
15. Bh6 Bf6 16. Ne4 Qe7 17. Rfd1 Kh8 18. Nxf6 Qxf6 19. Bf4 Nd5 20. Be5 Qg6 21.
Qe2 f6 22. Bd6 Rfe8 23. Rac1 e5 24. dxe5 Nf4 25. Qf3 fxe5 26. Bxe5 Rxe5 27.
Qxf4 Rae8 28. h3 h6 29. Rd7 a5 30. Rc7 Qd6 31. Rf7 Re1+ 32. Rxe1 Rxe1+ 33. Kh2
Qxf4+ 34. Rxf4 Re2 35. Rf8+ Kh7 36. Kg3 Rd2 37. Rb8 Rc2 38. Kf3 Kg6 39. a4 Kf5
40. b4 axb4 41. Rxb4 Ra2 42. Rc4 Ra3+ 43. Ke2 Ke5 44. Rxc6 Rxa4 45. Rc2 Kf4
1/2-1/2

[Event "Gibraltar ChallWk2 13th"]
[Site "Gibraltar"]
[Date "2015.02.02"]
[Round "3.36"]
[White "Mulleady, Peter J"]
[Black "Tortolero, Cesar"]
[Result "1-0"]
[WhiteElo "1908"]
[BlackElo "1937"]
[PlyCount "89"]
[EventDate "2015.01.31"]
[EventType "swiss"]
[EventRounds "5"]
[EventCountry "GGB"]
[SourceTitle "BritBase"]
[Source "www.saund.co.uk"]
[SourceDate "2018.02.10"]
[SourceVersion "1"]
[SourceVersionDate "2018.02.10"]
[SourceQuality "1"]

1. g3 g6 2. Bg2 Bg7 3. c4 c5 4. Nc3 Nc6 5. e4 d6 6. Nge2 Nd4 7. O-O Nf6 8. d3
O-O 9. Nxd4 cxd4 10. Ne2 Nd7 11. f4 a5 12. Bh3 Qb6 13. Rb1 Qc5 14. f5 b5 15.
fxg6 hxg6 16. b3 Qh5 17. Nf4 Qxd1 18. Rxd1 bxc4 19. bxc4 Nf6 20. Bxc8 Rfxc8 21.
Nd5 Nxd5 22. exd5 Rab8 23. Bg5 Bf6 24. Bxf6 exf6 25. Kf2 Kg7 26. h4 g5 27. hxg5
fxg5 28. Kf3 Re8 29. Rxb8 Rxb8 30. Ke4 Rb2 31. Kxd4 a4 32. Kc3 Rxa2 33. d4 Rg2
34. c5 Rxg3+ 35. Kb4 Rg2 36. Kxa4 Kf6 37. Kb5 g4 38. Kc6 g3 39. Kxd6 Rc2 40. c6
Kg5 41. c7 f5 42. Kd7 f4 43. c8=Q Rxc8 44. Kxc8 f3 45. d6 1-0

[Event "Gibraltar ChallWk2 13th"]
[Site "Gibraltar"]
[Date "2015.02.02"]
[Round "3.37"]
[White "Baliuniene, Margarita"]
[Black "Kuhne, Detlev"]
[Result "1-0"]
[WhiteElo "1946"]
[BlackElo "2131"]
[PlyCount "73"]
[EventDate "2015.01.31"]
[EventType "swiss"]
[EventRounds "5"]
[EventCountry "GGB"]
[SourceTitle "BritBase"]
[Source "www.saund.co.uk"]
[SourceDate "2018.02.10"]
[SourceVersion "1"]
[SourceVersionDate "2018.02.10"]
[SourceQuality "1"]

1. d4 d5 2. c4 c6 3. cxd5 cxd5 4. Nc3 Nf6 5. Bf4 a6 6. e3 Nc6 7. Bd3 Bg4 8. f3
Bc8 9. Nge2 e6 10. Bg3 Bd6 11. Rc1 O-O 12. O-O Re8 13. Bh4 e5 14. Nxd5 exd4 15.
Nxf6+ gxf6 16. exd4 Bf4 17. Bxh7+ Kxh7 18. Nxf4 Nxd4 19. Re1 Rxe1+ 20. Qxe1 Nf5
21. Bf2 Qd6 22. Qe4 Kg8 23. g4 Ng7 24. Qd4 Qe5 25. Qd8+ Kh7 26. Rxc8 Rxc8 27.
Qxc8 Qxf4 28. Qxb7 f5 29. h3 fxg4 30. hxg4 f5 31. gxf5 Qc1+ 32. Kg2 Qg5+ 33.
Bg3 Qd2+ 34. Kh3 Qe2 35. Qe4 Qf1+ 36. Kg4 Kg8 37. f6 1-0

[Event "Gibraltar ChallWk2 13th"]
[Site "Gibraltar"]
[Date "2015.02.02"]
[Round "3.38"]
[White "Van De Wynkele, Rudy"]
[Black "Machlik, Monika"]
[Result "0-1"]
[WhiteElo "1929"]
[BlackElo "2015"]
[PlyCount "74"]
[EventDate "2015.01.31"]
[EventType "swiss"]
[EventRounds "5"]
[EventCountry "GGB"]
[SourceTitle "BritBase"]
[Source "www.saund.co.uk"]
[SourceDate "2018.02.10"]
[SourceVersion "1"]
[SourceVersionDate "2018.02.10"]
[SourceQuality "1"]

1. e4 c6 2. Ne2 d5 3. e5 c5 4. d4 Nc6 5. c3 cxd4 6. cxd4 Bf5 7. Nbc3 e6 8. a3
Nge7 9. Be3 Bg6 10. g4 Nc8 11. Nf4 Be7 12. Rc1 Nb6 13. Bb5 O-O 14. O-O Na5 15.
Nxg6 fxg6 16. Rc2 Nac4 17. Bc1 a6 18. Bxc4 Nxc4 19. f4 Rc8 20. Rcf2 Nxa3 21.
Nxd5 Qxd5 22. bxa3 Rc4 23. Bb2 Rfc8 24. Qf3 Qxf3 25. Rxf3 Rc2 26. Rb3 b5 27. g5
Kf7 28. Rf2 Ke8 29. Re3 Kd7 30. Ree2 Rxe2 31. Rxe2 Rc4 32. Kf2 Kc6 33. Ke3 Kd5
34. Rd2 Bd8 35. Rd3 Ba5 36. h3 Rc2 37. Bc3 Rxc3 0-1

[Event "Gibraltar ChallWk2 13th"]
[Site "Gibraltar"]
[Date "2015.02.02"]
[Round "3.39"]
[White "Bryant, Richard B E"]
[Black "Rogozenco, Teodora"]
[Result "1-0"]
[WhiteElo "1904"]
[BlackElo "2011"]
[PlyCount "116"]
[EventDate "2015.01.31"]
[EventType "swiss"]
[EventRounds "5"]
[EventCountry "GGB"]
[SourceTitle "BritBase"]
[Source "www.saund.co.uk"]
[SourceDate "2018.02.10"]
[SourceVersion "1"]
[SourceVersionDate "2018.02.10"]
[SourceQuality "1"]

1. e4 d6 2. d4 Nf6 3. Nc3 e5 4. dxe5 dxe5 5. Qxd8+ Kxd8 6. Bg5 Be6 7. Nd5 Nbd7
8. O-O-O Kc8 9. f3 Bc5 10. a3 c6 11. Nb4 Kc7 12. Nd3 Bd6 13. g3 Nh5 14. Bd2 g6
15. Bc3 f6 16. Bh3 Ng7 17. Bg2 Rhe8 18. Nh3 Bg8 19. Nhf2 Ne6 20. Ng4 Nec5 21.
Nxc5 Nxc5 22. Nxf6 Rf8 23. Nxg8 Rxg8 24. Bh3 Rgf8 25. Bg2 a5 26. Bd2 b6 27. Be3
Ne6 28. Rhf1 Bc5 29. Bh6 Rf7 30. c3 g5 31. Bh3 Rf6 32. Bg7 Nxg7 33. Rd7+ Kb8
34. Rxg7 Ra7 35. Rg8+ Rf8 36. Rxf8+ Bxf8 37. Rd1 Be7 38. Kc2 Kc7 39. Bf5 h6 40.
a4 Kb8 41. Kb3 Rc7 42. h3 Kb7 43. Kc4 Ka6 44. Rd3 Kb7 45. Be6 Ka6 46. Bg4 Kb7
47. Bf5 Ka6 48. Be6 Kb7 49. b4 axb4 50. cxb4 Ka6 51. Rd7 Rxd7 52. Bxd7 Kb7 53.
b5 cxb5+ 54. Bxb5 Bc5 55. Kd5 Bd4 56. Ke6 h5 57. Kf5 h4 58. g4 Be3 1-0

[Event "Gibraltar ChallWk2 13th"]
[Site "Gibraltar"]
[Date "2015.02.02"]
[Round "3.40"]
[White "Isherwood, Paul"]
[Black "Mohnblatt, Daniel"]
[Result "1-0"]
[WhiteElo "2002"]
[BlackElo "1863"]
[PlyCount "37"]
[EventDate "2015.01.31"]
[EventType "swiss"]
[EventRounds "5"]
[EventCountry "GGB"]
[SourceTitle "BritBase"]
[Source "www.saund.co.uk"]
[SourceDate "2018.02.10"]
[SourceVersion "1"]
[SourceVersionDate "2018.02.10"]
[SourceQuality "1"]

1. e4 c6 2. d4 d5 3. exd5 cxd5 4. c4 Nf6 5. Nc3 Nc6 6. Nf3 Bg4 7. cxd5 Nxd5 8.
Be2 e6 9. O-O Bd6 10. Bg5 Qa5 11. Qd2 O-O 12. Rfd1 h6 13. Nxd5 Qxd5 14. Bf4
Rfd8 15. a3 Rac8 16. h3 Bh5 17. b4 Bb8 18. Rac1 Ne7 19. Bxb8 1-0

[Event "Gibraltar ChallWk2 13th"]
[Site "Gibraltar"]
[Date "2015.02.02"]
[Round "3.42"]
[White "Musi, Dietmar"]
[Black "Kleinert, Juergen"]
[Result "1-0"]
[WhiteElo "1719"]
[BlackElo "1959"]
[PlyCount "85"]
[EventDate "2015.01.31"]
[EventType "swiss"]
[EventRounds "5"]
[EventCountry "GGB"]
[SourceTitle "BritBase"]
[Source "www.saund.co.uk"]
[SourceDate "2018.02.10"]
[SourceVersion "1"]
[SourceVersionDate "2018.02.10"]
[SourceQuality "1"]

1. e4 b6 2. d4 Bb7 3. Bd3 e6 4. Nf3 g6 5. O-O Bg7 6. Re1 d6 7. Nbd2 Ne7 8. Nf1
Nd7 9. c3 O-O 10. Bg5 h6 11. Be3 Kh7 12. h4 e5 13. d5 f5 14. h5 f4 15. hxg6+
Nxg6 16. Bd2 Bf6 17. N3h2 Bg5 18. Be2 Nf6 19. Bg4 Bc8 20. Rc1 Kg7 21. c4 a5 22.
Rc3 Rh8 23. Bxc8 Qxc8 24. Bc1 Qd7 25. Nd2 Rag8 26. a3 a4 27. Rh3 Kf8 28. Nb1
Ke7 29. Nc3 Ra8 30. Na2 Kd8 31. Nb4 Ne7 32. Nf3 Qg4 33. Qd3 h5 34. Nxe5 dxe5
35. d6 cxd6 36. Nc6+ Nxc6 37. Qxd6+ Nd7 38. Qxc6 Rh6 39. Qxh6 Qxh3 40. Qh8+ Kc7
41. Qxa8 Kd6 42. Rd1+ Ke7 43. Qb7 1-0

[Event "Gibraltar ChallWk2 13th"]
[Site "Gibraltar"]
[Date "2015.02.02"]
[Round "3.43"]
[White "Haddock, Paul"]
[Black "Godinho Marques, Pedro"]
[Result "1/2-1/2"]
[WhiteElo "1639"]
[BlackElo "1950"]
[PlyCount "58"]
[EventDate "2015.01.31"]
[EventType "swiss"]
[EventRounds "5"]
[EventCountry "GGB"]
[SourceTitle "BritBase"]
[Source "www.saund.co.uk"]
[SourceDate "2018.02.10"]
[SourceVersion "1"]
[SourceVersionDate "2018.02.10"]
[SourceQuality "1"]

1. e4 c5 2. d4 cxd4 3. c3 Nf6 4. e5 Nd5 5. cxd4 e6 6. Nc3 b6 7. Nxd5 exd5 8.
Nf3 Na6 9. a3 Be7 10. Bd3 O-O 11. O-O Nc7 12. Qe2 d6 13. h3 Ne6 14. Be3 dxe5
15. Nxe5 Bd6 16. f4 Qh4 17. Qf3 Bb7 18. Kh2 Qe7 19. Qh5 g6 20. Qh4 f6 21. Nxg6
hxg6 22. Bxg6 Qg7 23. Qh5 Ng5 24. Kg1 Ne4 25. Bxe4 dxe4 26. f5 Qg3 27. Bf4 Bxf4
28. Rxf4 Qxf4 29. Qg6+ Kh8 1/2-1/2

[Event "Gibraltar ChallWk2 13th"]
[Site "Gibraltar"]
[Date "2015.02.02"]
[Round "3.45"]
[White "Erdelyi, Tamas"]
[Black "Rudd, Jack"]
[Result "0-1"]
[WhiteElo "2100"]
[BlackElo "2245"]
[PlyCount "70"]
[EventDate "2015.01.31"]
[EventType "swiss"]
[EventRounds "5"]
[EventCountry "GGB"]
[SourceTitle "BritBase"]
[Source "www.saund.co.uk"]
[SourceDate "2018.02.10"]
[SourceVersion "1"]
[SourceVersionDate "2018.02.10"]
[SourceQuality "1"]

1. c4 e5 2. g3 Nf6 3. Bg2 g6 4. Nc3 Bg7 5. Nf3 d6 6. O-O O-O 7. d3 Nc6 8. Rb1
a5 9. a3 Nd4 10. Bg5 Ne6 11. Bd2 Nh5 12. b4 axb4 13. axb4 f5 14. Ne1 f4 15. Ne4
c6 16. b5 d5 17. bxc6 bxc6 18. cxd5 cxd5 19. g4 dxe4 20. gxh5 f3 21. exf3 exd3
22. hxg6 Ra6 23. gxh7+ Kh8 24. Rb3 Nd4 25. Rxd3 Bf5 26. Be3 Qh4 27. Rxd4 exd4
28. Bd2 d3 29. Qb3 Rg6 30. Kh1 Kxh7 31. f4 Qh5 32. Bf3 Qh3 33. Bg2 Rxg2 34.
Nxg2 Rf6 35. f3 Rh6 0-1

[Event "Gibraltar ChallWk2 13th"]
[Site "Gibraltar"]
[Date "2015.02.03"]
[Round "4.1"]
[White "Galmandakh, Badrakh"]
[Black "Scharrer, Patrick"]
[Result "1/2-1/2"]
[WhiteElo "2240"]
[BlackElo "2231"]
[PlyCount "30"]
[EventDate "2015.01.31"]
[EventType "swiss"]
[EventRounds "5"]
[EventCountry "GGB"]
[SourceTitle "BritBase"]
[Source "www.saund.co.uk"]
[SourceDate "2018.02.10"]
[SourceVersion "1"]
[SourceVersionDate "2018.02.10"]
[SourceQuality "1"]
[TimeControl "6600+1265"]
[WhiteClock "0:51:56"]
[BlackClock "0:41:36"]

1. d3 g6 2. g3 Bg7 3. Bg2 d6 4. c4 e5 5. Nc3 Nc6 6. e3 f5 7. Nge2 Nf6 8. Rb1
O-O 9. O-O Ne7 10. f4 c6 11. b4 Kh8 12. Kh1 Re8 13. Bd2 Neg8 14. b5 Bd7 15.
bxc6 bxc6 1/2-1/2

[Event "Gibraltar ChallWk2 13th"]
[Site "Gibraltar"]
[Date "2015.02.03"]
[Round "4.2"]
[White "Janev, Pavel"]
[Black "Ibarra Jerez, Juan Miguel"]
[Result "1/2-1/2"]
[WhiteElo "2196"]
[BlackElo "2238"]
[PlyCount "89"]
[EventDate "2015.01.31"]
[EventType "swiss"]
[EventRounds "5"]
[EventCountry "GGB"]
[SourceTitle "BritBase"]
[Source "www.saund.co.uk"]
[SourceDate "2018.02.10"]
[SourceVersion "1"]
[SourceVersionDate "2018.02.10"]
[SourceQuality "1"]
[TimeControl "7200+1305"]
[WhiteClock "0:01:29"]
[BlackClock "0:16:27"]

1. e4 c5 2. Nf3 e6 3. b3 b6 4. Bb2 Bb7 5. Nc3 Nc6 6. d4 cxd4 7. Nxd4 Nf6 8.
Nxc6 Bxc6 9. Bd3 Qc7 10. Qe2 Bb4 11. O-O Bd6 12. Kh1 O-O 13. Nb5 Bxb5 14. Bxb5
Be5 15. Bxe5 Qxe5 16. Bd3 Qc5 17. e5 Nd5 18. f4 f5 19. c4 Ne7 20. Rad1 Rfd8 21.
Bc2 Rac8 22. Rd2 Ng6 23. g3 d6 24. Rfd1 Rc6 25. Qd3 d5 26. Qf3 Ne7 27. cxd5
Rxd5 28. Rxd5 exd5 29. Bd3 Qa5 30. g4 Rc3 31. gxf5 Nxf5 32. Qf2 Rxd3 33. Rxd3
d4 34. Rxd4 Nxd4 35. Qxd4 Qe1+ 36. Kg2 Qe2+ 37. Kg3 Qe1+ 38. Kg4 Qe2+ 39. Kf5
Qh5+ 40. Ke6 Qe8+ 41. Kd5 Qa8+ 42. Kc4 Qc6+ 43. Kb4 a5+ 44. Ka3 Qc1+ 45. Ka4
1/2-1/2

[Event "Gibraltar ChallWk2 13th"]
[Site "Gibraltar"]
[Date "2015.02.03"]
[Round "4.3"]
[White "Kandic, Milan"]
[Black "Verneuil, Pascal"]
[Result "0-1"]
[WhiteElo "2101"]
[BlackElo "2093"]
[PlyCount "111"]
[EventDate "2015.01.31"]
[EventType "swiss"]
[EventRounds "5"]
[EventCountry "GGB"]
[SourceTitle "BritBase"]
[Source "www.saund.co.uk"]
[SourceDate "2018.02.10"]
[SourceVersion "1"]
[SourceVersionDate "2018.02.10"]
[SourceQuality "1"]
[TimeControl "7200+1635"]
[WhiteClock "0:02:20"]
[BlackClock "0:46:53"]

1. e4 c5 2. Nf3 Nc6 3. Bb5 e6 4. Bxc6 bxc6 5. e5 f6 6. Qe2 fxe5 7. Nxe5 Nf6 8.
d3 d6 9. Nf3 Be7 10. O-O e5 11. h3 O-O 12. Nc3 Rb8 13. Nh2 Nd5 14. Nxd5 cxd5
15. b3 Bg5 16. Bxg5 Qxg5 17. Qe3 Qg6 18. Rae1 Rb4 19. Qg3 Qh6 20. c4 d4 21. Re2
Rb7 22. Ng4 Qg6 23. Nh2 Bf5 24. Qxg6 Bxg6 25. Rd1 a5 26. f3 Rb4 27. Ng4 a4 28.
bxa4 Ra8 29. Nf2 Raxa4 30. Ne4 Rb6 31. Red2 Kf8 32. Kf2 Ke7 33. Ke2 Rb7 34. Ra1
Ra3 35. Rc2 h6 36. Rd2 Be8 37. Kf2 Bc6 38. Ke2 Rba7 39. Kf2 Ba4 40. Ke2 Kd7 41.
Rb2 Bb3 42. Nd2 Bxa2 43. Kf2 Kc6 44. Ne4 d5 45. cxd5+ Bxd5 46. Rxa3 Rxa3 47.
Rd2 Ra2 48. Rxa2 Bxa2 49. g4 Bb1 50. Ke2 c4 51. Ng3 Bxd3+ 52. Kd2 Bg6 53. h4
c3+ 54. Ke2 d3+ 55. Ke3 d2 56. Ke2 0-1

[Event "Gibraltar ChallWk2 13th"]
[Site "Gibraltar"]
[Date "2015.02.03"]
[Round "4.4"]
[White "Agrest, Inna"]
[Black "Boyer Censore, Giuseppe Enmanu"]
[Result "1-0"]
[WhiteElo "2179"]
[BlackElo "1960"]
[PlyCount "97"]
[EventDate "2015.01.31"]
[EventType "swiss"]
[EventRounds "5"]
[EventCountry "GGB"]
[SourceTitle "BritBase"]
[Source "www.saund.co.uk"]
[SourceDate "2018.02.10"]
[SourceVersion "1"]
[SourceVersionDate "2018.02.10"]
[SourceQuality "1"]
[TimeControl "7200+28795"]
[WhiteClock "0:03:22"]
[BlackClock "0:02:44"]

1. e4 c5 2. Nf3 e6 3. d4 cxd4 4. Nxd4 Nc6 5. Nc3 Qc7 6. Be3 a6 7. Qf3 Nf6 8.
O-O-O Be7 9. Be2 O-O 10. Qg3 d6 11. f4 Bd7 12. Rhf1 Rac8 13. Nxc6 Bxc6 14. Bd3
b5 15. e5 Nd7 16. f5 dxe5 17. fxe6 fxe6 18. Qh3 Nf6 19. Rxf6 Rxf6 20. Qxh7+ Kf7
21. Be2 Rg8 22. Ne4 Bxe4 23. Qxe4 Rh8 24. h4 Rd8 25. Rxd8 Bxd8 26. Qh7 Ke8 27.
Qg8+ Kd7 28. Qxg7+ Kc8 29. Qg4 Qd6 30. Bf3 Bb6 31. Bg5 Rf7 32. Qe4 Ra7 33. h5
Bd8 34. Bd2 Qd5 35. Qxd5 exd5 36. Bxd5 Rh7 37. h6 Kd7 38. g4 Kd6 39. Be4 Rf7
40. Be3 Rf4 41. Bxf4 exf4 42. Kd1 Bf6 43. c3 Ke5 44. Bc6 Kd6 45. Bb7 a5 46. Ke2
Ke7 47. Kf3 Be5 48. Ke4 Bd6 49. h7 1-0